000 00812cab a2200253 4500
001 WB3437-02
008 090401t1998 xxu||||| |||| 00| 0 eng d
035 _a(Sirsi) u88800
041 _aeng
245 _aEuropean construction industry
260 _c1998
350 _a0
490 _aFinancial Times
_v30 September 1998 (2) LOAN
520 _aSurvey on the European construction industry. Covers construction output, cross-border deals, the private finance initiative and environment issues in eastern Europe.
650 _aCONSTRUCTION OUTPUT
650 _aCROSS-BORDER TRADE
650 _aEASTERN EUROPE
650 _aEUROPEAN CONSTRUCTION INDUSTRY
650 _aPRIVATE FINANCE INITIATIVE
650 _aWINDSOR CASTLE
690 _aBUILT ENVIRONMENT
942 _n0
948 _c02/10/1998
999 _c56149
_d56149